Loading...

Small Animal Anesthesia

Bibliographic Details
Main Author: Roger G Warren
Format: Printed Book
Language:Undetermined
Published: London 1983
The C.V Mosby Company
Subjects:
LEADER 00676nam a2200241Ia 4500
008 141122s9999 xx 000 0 und d
020 |a 801653983 
040 |c . 
041 |a English 
082 |a 617.96 
082 |b WAR/SM 
100 |a Roger G Warren 
245 |a Small Animal Anesthesia 
245 |c Roger G Warren 
260 |b London 
260 |b The C.V Mosby Company 
260 |c 1983 
300 |a 367 Pages 
650 |a Pharmacology 
650 |a Surgery and radiology 
942 |c BK 
999 |c 19340  |d 19340 
952 |0 0  |1 0  |4 0  |6 617_960000000000000_WARSM  |7 0  |9 19002  |a COVAS  |b COVAS  |d 0000-00-00  |l 10  |m 3  |o 617.96 WAR/SM  |p 12170  |r 2019-02-26  |s 2019-02-23  |w 2014-11-26  |y BK